00897nam a2200157 a 450000100100000000500170001000800410002704000250006811000320009324502690012526000740039430000220046859000650049095201670055599900170072200003667320200930075851.0110726s1940 dr 000 0 spa d aDO-SdBNPbspacBNPHU1 aRepública Dominicana944710aInforme que al honorable Congreso Nacional presenta la Cámara de Cuentas de de la República relativo a la recaudación é inversión de las rentas fiscales, municipales y del Consejo Administrativo del Distrito de Santo Domingo corespondiente al año 1939. aCiudad Trujillo, República Dominicana :bImp. Listin Diario,c1940. a28 + p. ;c31 cm. aPerteneció a la biblioteca personal de Julio Ortega Frier. 0010718PDaPDbPDcHDd2012-01-24iLF1l0o p36673-10r2020-06-25w2020-06-25yLFPDzPerteneció a la biblioteca personal de Julio Ortega Frier.ZNo se presta c36164d36164